|
|
|
|
| LEADER |
00000nam a2200000 4500 |
| 005 |
20240718155006.0 |
| 008 |
230329b2014 a|||| |||| 00| | spa d |
| 090 |
|
|
|a 06.02.01
|
| 110 |
|
|
|9 4854
|a Unimer
|
| 245 |
|
|
|a Estudio sobre permanencia estudiantil en colegios de ProEduca /
|c Unimer
|
| 260 |
|
|
|a [Lugar de publicación no identificado] :
|b Unimer,
|c 2014
|
| 300 |
|
|
|a 199 páginas;
|b ilustraciones; 1 recurso en línea; PDF
|
| 650 |
1 |
4 |
|9 1454
|a DESERCIÓN ESCOLAR
|
| 650 |
1 |
4 |
|9 456
|a EDUCACIÓN SECUNDARIA
|
| 856 |
|
|
|u https://uir.inie.ucr.ac.cr/cgi-bin/koha/opac-retrieve-file.pl?id=d987248744e3c5e5f8e182e60619f98c
|
| 942 |
|
|
|i PDF0021
|h 06.02.01
|2 z
|c 08
|h 06.02.01
|6 060201_PDF0021
|
| 999 |
|
|
|c 4008
|d 4008
|